[Event "Royal City Masters U2200"]
[Site "Guelph CAN"]
[Date "2025.08.04"]
[Round "6.35"]
[White "Pottinger, Carl"]
[Black "Fillmore, Louis"]
[Result "0-1"]
[WhiteElo "1710"]
[BlackElo "1998"]
[WhiteFideId "-1"]
[WhiteFideId "-1"]
[PlyCount "54"]
[GameId "2211089036271641"]
[EventDate "2025.08.01"]
[EventType "swiss"]
[EventRounds "9"]
[EventCountry "CAN"]

1. d4 Nf6 2. Bf4 d5 3. Nf3 c5 4. e3 Nc6 5. Nbd2 Bg4 6. c3 e6 7. Qa4 Nd7 8. Bb5 Qb6 9. O-O Be7 10. h3 Bh5 11. Bxc6 bxc6 12. Qb3 c4 13. Qxb6 axb6 14. b3 cxb3 15. axb3 O-O 16. Ne5 Nxe5 17. Bxe5 Rfc8 18. b4 f6 19. Bg3 Bg6 20. Rfe1 Kf7 21. Nb3 Bc2 22. Rxa8 Rxa8 23. Ra1 Rxa1+ 24. Nxa1 Ba4 25. Bc7 c5 26. bxc5 bxc5 27. Bb6 cxd4 0-1

[Event "Royal City Masters U2200"]
[Site "Guelph CAN"]
[Date "2025.08.04"]
[Round "6.36"]
[White "Leliveld, Andrew"]
[Black "Fischer, Jacob"]
[Result "0-1"]
[WhiteElo "1969"]
[BlackElo "1809"]
[WhiteFideId "-1"]
[WhiteFideId "-1"]
[PlyCount "52"]
[GameId "2211089036275738"]
[EventDate "2025.08.01"]
[EventType "swiss"]
[EventRounds "9"]
[EventCountry "CAN"]

1. f4 d5 2. Nf3 c5 3. e3 Nc6 4. Bb5 Nf6 5. Bxc6+ bxc6 6. b3 g6 7. Bb2 Bg7 8. O-O O-O 9. d3 d4 10. e4 Ng4 11. Qe2 e5 12. fxe5 Ne3 13. Rf2 Bg4 14. a4 Bxe5 15. Na3 Bxf3 16. Rxf3 Qg5 17. Bc1 f5 18. exf5 Rxf5 19. Bxe3 dxe3 20. Raf1 Qh5 21. g3 Raf8 22. Kg2 Bd4 23. Nc4 Rxf3 24. Rxf3 Rxf3 25. Qxf3 e2 26. Qe4 Qd5 0-1

[Event "Royal City Masters U2200"]
[Site "Guelph CAN"]
[Date "2025.08.04"]
[Round "6.37"]
[White "Blair, Michael"]
[Black "Cheung, Oscar"]
[Result "1-0"]
[WhiteElo "2139"]
[BlackElo "1815"]
[WhiteFideId "-1"]
[WhiteFideId "-1"]
[PlyCount "103"]
[GameId "2211089036275739"]
[EventDate "2025.08.01"]
[EventType "swiss"]
[EventRounds "9"]
[EventCountry "CAN"]

1. e4 e5 2. Nf3 Nc6 3. Bc4 Nf6 4. d3 Bc5 5. O-O d6 6. c3 Bb6 7. Nbd2 h6 8. Bb3 a6 9. Re1 Bg4 10. Nf1 O-O 11. h3 Be6 12. Bc2 Qe8 13. d4 Bd7 14. Ng3 Rd8 15. d5 Ne7 16. Nh4 Ng6 17. Nhf5 Bxf5 18. Nxf5 Ne7 19. Ba4 c6 20. Nxe7+ Qxe7 21. dxc6 bxc6 22. Bxc6 d5 23. Bxd5 Nxd5 24. exd5 Qd6 25. c4 Rc8 26. Qe2 Qb4 27. b3 Bd4 28. Rb1 f6 29. Be3 Bxe3 30. Qxe3 Rfd8 31. Rec1 a5 32. Qe1 Qa3 33. Qd2 Qc5 34. Qb2 Rb8 35. a3 Rb7 36. b4 Qd6 37. Qc3 Rdb8 38. Rd1 axb4 39. axb4 Rxb4 40. Rxb4 Qxb4 41. Qxb4 Rxb4 42. d6 Rb8 43. c5 Kf7 44. c6 Ke6 45. d7 Rd8 46. c7 Rxd7 47. c8=Q Kf5 48. Qxd7+ Kg6 49. Qg4+ Kf7 50. Rd7+ Ke8 51. Qe6+ Kf8 52. Qf7# 1-0

[Event "Royal City Masters U2200"]
[Site "Guelph CAN"]
[Date "2025.08.04"]
[Round "6.38"]
[White "Jung, Hans"]
[Black "Fu, Ashley"]
[Result "0-1"]
[WhiteElo "2047"]
[BlackElo "1867"]
[WhiteFideId "-1"]
[WhiteFideId "-1"]
[PlyCount "58"]
[GameId "2211089036279836"]
[EventDate "2025.08.01"]
[EventType "swiss"]
[EventRounds "9"]
[EventCountry "CAN"]

1. Nc3 d5 2. e4 d4 3. Nce2 e5 4. Ng3 Be6 5. Nf3 f6 6. d3 Qd7 7. Be2 Nc6 8. h3 g6 9. Nh2 Bg7 10. Bg4 Nge7 11. f4 f5 12. exf5 gxf5 13. Nh5 Ng6 14. O-O fxg4 15. f5 Bxf5 16. Rxf5 gxh3 17. Bh6 Rg8 18. g4 Bh8 19. Qf1 O-O-O 20. Qxh3 Nf4 21. Rxf4 exf4 22. Rf1 Ne5 23. Rxf4 Qe6 24. Ng3 Rg6 25. Nf5 Rdg8 26. g5 Bf6 27. Kf1 Bxg5 28. Bxg5 Rxg5 29. Ne7+ Kd7 0-1

[Event "Royal City Masters U2200"]
[Site "Guelph CAN"]
[Date "2025.08.04"]
[Round "6.39"]
[White "Satish Alwar, Dharsan"]
[Black "Fu, Odyssey"]
[Result "1/2-1/2"]
[WhiteElo "1792"]
[BlackElo "1981"]
[WhiteFideId "-1"]
[WhiteFideId "-1"]
[PlyCount "50"]
[GameId "2211089036283933"]
[EventDate "2025.08.01"]
[EventType "swiss"]
[EventRounds "9"]
[EventCountry "CAN"]

1. d4 d5 2. Nf3 Nf6 3. e3 Bf5 4. Bd3 Bg6 5. c4 e6 6. O-O c6 7. Nc3 Bd6 8. b3 Nbd7 9. Bb2 Ne4 10. Qc2 f5 11. Nd2 O-O 12. f4 Ndf6 13. Nf3 Ng4 14. Rae1 Qe7 15. Bxe4 fxe4 16. Ne5 Bxe5 17. dxe5 Qh4 18. h3 Nxe3 19. Rxe3 d4 20. Ree1 dxc3 21. Bc1 Rad8 22. Qxc3 Rd3 23. Qb2 Bf5 24. Qf2 Qh5 25. Be3 Rfd8 1/2-1/2

[Event "Royal City Masters U2200"]
[Site "Guelph CAN"]
[Date "2025.08.04"]
[Round "6.40"]
[White "Husic, Elvis"]
[Black "Syed, Farhaan"]
[Result "0-1"]
[WhiteElo "1885"]
[BlackElo "1815"]
[WhiteFideId "-1"]
[WhiteFideId "-1"]
[PlyCount "85"]
[GameId "2211089036283934"]
[EventDate "2025.08.01"]
[EventType "swiss"]
[EventRounds "9"]
[EventCountry "CAN"]

1. d4 d5 2. c4 e6 3. g3 Nf6 4. Nf3 c5 5. Bg2 Nc6 6. O-O Be7 7. Nc3 h6 8. a3 O-O 9. Re1 Re8 10. e3 Rb8 11. dxc5 dxc4 12. Nd4 Bd7 13. Qe2 Na5 14. Rd1 Qc8 15. a4 a6 16. f4 Bxc5 17. Kh1 Bxd4 18. exd4 Bc6 19. Bd2 Nb3 20. Ra3 Nxd4 21. Qf2 Nc2 22. Ra2 Nb4 23. Kg1 Bxg2 24. Kxg2 Qc6+ 25. Kh3 Nxa2 26. Nxa2 Ne4 27. Qe2 Nxd2 28. Rxd2 e5 29. fxe5 Qe6+ 30. Kg2 Qxe5 31. Qxc4 Rbd8 32. Rf2 Qe4+ 33. Qxe4 Rxe4 34. Nc3 Red4 35. Kh3 Rd2 36. Rf4 Rxb2 37. Ne4 Rd5 38. a5 Rc2 39. g4 Rd3+ 40. Ng3 Rdd2 41. g5 Rxh2+ 42. Kg4 hxg5 43. Rd4 0-1

[Event "Royal City Masters U2200"]
[Site "Guelph CAN"]
[Date "2025.08.04"]
[Round "6.41"]
[White "Tian, Dylan"]
[Black "Obrovac, Zvonko"]
[Result "0-1"]
[WhiteElo "1769"]
[BlackElo "2084"]
[WhiteFideId "-1"]
[WhiteFideId "-1"]
[PlyCount "62"]
[GameId "2211089036288031"]
[EventDate "2025.08.01"]
[EventType "swiss"]
[EventRounds "9"]
[EventCountry "CAN"]

1. Nf3 d5 2. b3 c5 3. e3 Nf6 4. Bb2 Nc6 5. Bb5 Bg4 6. Bxc6+ bxc6 7. d3 e6 8. Nbd2 Bd6 9. h3 Bh5 10. g4 Bg6 11. Ne5 O-O 12. Qe2 Nd7 13. Ndf3 f6 14. Nxg6 hxg6 15. O-O-O Qc7 16. Kb1 a5 17. a4 Rab8 18. e4 Rfe8 19. Rde1 c4 20. dxc4 Nc5 21. e5 fxe5 22. Nxe5 Nxa4 23. h4 Nxb2 24. Kxb2 a4 25. h5 axb3 26. cxb3 Qa7 27. Rh3 Qa3+ 28. Kc2 Qa2+ 29. Kd1 Qb1+ 30. Kd2 Bb4+ 31. Ke3 Qe4# 0-1

[Event "Royal City Masters U2200"]
[Site "Guelph CAN"]
[Date "2025.08.04"]
[Round "6.42"]
[White "Cafengiu, Bogdan"]
[Black "Runstedler, Albert"]
[Result "0-1"]
[WhiteElo "1999"]
[BlackElo "1811"]
[WhiteFideId "-1"]
[WhiteFideId "-1"]
[PlyCount "82"]
[GameId "2211089036288032"]
[EventDate "2025.08.01"]
[EventType "swiss"]
[EventRounds "9"]
[EventCountry "CAN"]

1. e4 c5 2. c3 d6 3. d4 cxd4 4. cxd4 Nf6 5. Nc3 g6 6. h3 Bg7 7. Nf3 Qa5 8. Bd3 O-O 9. O-O a6 10. Qe2 Nc6 11. e5 dxe5 12. dxe5 Nd5 13. Nxd5 Qxd5 14. Bf4 Nd4 15. Nxd4 Qxd4 16. Bg3 Be6 17. Rfd1 Qb6 18. b3 Rac8 19. Rac1 Bh6 20. Rxc8 Rxc8 21. Kh2 Qb4 22. Be4 Rc1 23. Rxc1 Bxc1 24. f3 b5 25. Bb7 a5 26. Bc6 a4 27. Bxb5 axb3 28. axb3 Bxb3 29. Qd3 Bb2 30. f4 Bd4 31. Qf1 Qc3 32. Bd3 Bd5 33. Bh4 Bc5 34. Be1 Qd4 35. Bd2 Be4 36. Bxe4 Qxd2 37. f5 Qd4 38. Qf4 Qg1+ 39. Kg3 Qe1+ 40. Kf3 Qf2+ 41. Kg4 h5+ 0-1

[Event "Royal City Masters U2200"]
[Site "Guelph CAN"]
[Date "2025.08.05"]
[Round "7.20"]
[White "Velasquez, Noah"]
[Black "Iordanescu, Victor Nicolae"]
[Result "0-1"]
[WhiteElo "1989"]
[BlackElo "2038"]
[WhiteFideId "-1"]
[WhiteFideId "-1"]
[PlyCount "152"]
[GameId "2211089079083092"]
[EventDate "2025.08.01"]
[EventType "swiss"]
[EventRounds "9"]
[EventCountry "CAN"]

1. e4 c5 2. Nc3 d6 3. Nf3 Nf6 4. d4 cxd4 5. Nxd4 a6 6. Be3 e5 7. Nb3 Be6 8. Nd5 Bxd5 9. exd5 Nbd7 10. Qd2 g6 11. Be2 h5 12. O-O Bg7 13. c4 b6 14. f4 Ne4 15. Qc2 Nec5 16. f5 g5 17. Nd2 a5 18. Nb1 g4 19. Nc3 Bh6 20. Bxh6 Rxh6 21. Qd2 Qf6 22. Nb5 Kf8 23. Qe3 Kg8 24. b3 Kh8 25. a3 a4 26. b4 Nb3 27. Rad1 Rh7 28. Nc3 Nd4 29. Bd3 Qh6 30. Qxh6 Rxh6 31. Ne4 Rd8 32. Nc3 Ra8 33. Ne4 Rd8 34. f6 Nf8 35. Rc1 Ng6 36. Ng5 Kg8 37. g3 h4 38. Rcd1 Rh5 39. Ne6 fxe6 40. Bxg6 Rh6 41. dxe6 Nxe6 42. Be8 hxg3 43. f7+ Kf8 44. hxg3 Nd4 45. Kf2 Rh2+ 46. Ke3 Rg2 47. Rh1 Rxg3+ 48. Ke4 Ne6 49. Kf5 Ke7 50. Rh7 Nf8 51. Rh8 Ne6 52. Rdh1 Rxa3 53. R1h7 Rf3+ 54. Kxg4 Rf4+ 55. Kg3 Nf8 56. Rg7 Rf6 57. Rgg8 Rxf7 58. Bxf7 Kxf7 59. Rg5 a3 60. Rf5+ Ke7 61. Rf2 Ra8 62. Ra2 Ra4 63. Rh1 Ng6 64. Rh7+ Ke6 65. Rc7 Ne7 66. b5 Nf5+ 67. Kf3 Nd4+ 68. Ke4 Nxb5 69. Rxa3 Nxa3 70. Rb7 Rxc4+ 71. Kd3 b5 72. Ra7 b4 73. Ra4 Rd4+ 74. Ke3 Nc4+ 75. Ke2 b3 76. Ra8 b2 {...} 0-1

[Event "Royal City Masters U2200"]
[Site "Guelph CAN"]
[Date "2025.08.05"]
[Round "7.21"]
[White "Qian, Eric"]
[Black "Deepak, Laksshana"]
[Result "1/2-1/2"]
[WhiteElo "2097"]
[BlackElo "2135"]
[WhiteFideId "-1"]
[WhiteFideId "-1"]
[PlyCount "82"]
[GameId "2211089079083093"]
[EventDate "2025.08.01"]
[EventType "swiss"]
[EventRounds "9"]
[EventCountry "CAN"]

1. Nf3 d5 2. c4 d4 3. e3 Nc6 4. Nxd4 Nxd4 5. exd4 Qxd4 6. Nc3 e5 7. d3 Ne7 8. Be3 Qd8 9. d4 exd4 10. Qxd4 Qxd4 11. Bxd4 Nc6 12. Be3 Be6 13. O-O-O Be7 14. Nd5 O-O 15. Nxe7+ Nxe7 16. Bd3 Nc6 17. Be2 Ne5 18. b3 Bf5 19. Kb2 Be4 20. f3 Bg6 21. Kc3 Rfe8 22. Rhe1 Nc6 23. Bf2 a5 24. a3 Red8 25. Bd3 b6 26. Bxg6 hxg6 27. h3 Kh7 28. Rxd8 Rxd8 29. b4 axb4+ 30. axb4 Rd7 31. Re8 Rd1 32. b5 Na5 33. c5 bxc5 34. Bxc5 Rc1+ 35. Kb4 Rc4+ 36. Kxa5 Rxc5 37. Re7 Rf5 38. Ka4 Rf4+ 39. Ka5 Rf5 40. Ka4 Rf4+ 41. Ka5 Rf5 1/2-1/2

[Event "Royal City Masters U2200"]
[Site "Guelph CAN"]
[Date "2025.08.05"]
[Round "7.22"]
[White "Bluvshtein, Ilia"]
[Black "Kola, Venkat Karthikeya R"]
[Result "1/2-1/2"]
[WhiteElo "2081"]
[BlackElo "2140"]
[WhiteFideId "-1"]
[WhiteFideId "-1"]
[PlyCount "120"]
[GameId "2211089079083094"]
[EventDate "2025.08.01"]
[EventType "swiss"]
[EventRounds "9"]
[EventCountry "CAN"]

1. e4 c5 2. Nf3 d6 3. d4 cxd4 4. Nxd4 Nf6 5. Nc3 a6 6. Bg5 e6 7. f4 h6 8. Bh4 Nbd7 9. Qe2 Be7 10. O-O-O Qc7 11. g4 b5 12. Bg2 Rb8 13. e5 dxe5 14. Nc6 e4 15. Nxb8 Qxf4+ 16. Kb1 Qxb8 17. Bg3 Qb6 18. Nxe4 O-O 19. h4 Nd5 20. g5 Qe3 21. Qg4 f5 22. gxf6 N7xf6 23. Nxf6+ Bxf6 24. Rd3 Qc5 25. Re1 Kh8 26. Qg6 Nb4 27. Rb3 Rd8 28. Be4 Kg8 29. a3 Nd5 30. Rd3 Bb7 31. Rf1 Rc8 32. c3 Qc4 33. Rxf6 Qxe4 34. Qxe4 Nxc3+ 35. bxc3 Bxe4 36. Rxe6 Bxd3+ 37. Kb2 a5 38. Re7 Rc4 39. Rd7 Bf1 40. Rd4 Kf7 41. a4 Rxd4 42. cxd4 bxa4 43. Bc7 g5 44. hxg5 hxg5 45. Bxa5 Ke6 46. Bc7 Kd5 47. Be5 g4 48. Kc2 Bb5 49. Kb2 Ke4 50. Ka1 Kf3 51. Kb2 g3 52. Bxg3 Kxg3 53. d5 Kf4 54. d6 Ke5 55. d7 Bxd7 56. Ka1 Kd4 57. Kb1 Kc3 58. Ka1 Kb3 59. Kb1 a3 60. Ka1 Bf5 1/2-1/2

[Event "Royal City Masters U2200"]
[Site "Guelph CAN"]
[Date "2025.08.05"]
[Round "7.23"]
[White "Desforges, Jean"]
[Black "Jiang, Hancy"]
[Result "1/2-1/2"]
[WhiteElo "2013"]
[BlackElo "2112"]
[WhiteFideId "-1"]
[WhiteFideId "-1"]
[PlyCount "103"]
[GameId "2211089079083095"]
[EventDate "2025.08.01"]
[EventType "swiss"]
[EventRounds "9"]
[EventCountry "CAN"]

1. d4 Nf6 2. c4 g6 3. Nc3 d5 4. cxd5 Nxd5 5. Bd2 Bg7 6. e4 Nxc3 7. Bxc3 O-O 8. Bc4 c5 9. Ne2 cxd4 10. Bxd4 Bxd4 11. Qxd4 Nc6 12. Qc3 Qb6 13. O-O Rd8 14. h3 Na5 15. Bd3 Be6 16. b4 Nc6 17. a3 Rac8 18. Nf4 Nd4 19. Qb2 Qd6 20. Nxe6 Qxe6 21. Rfd1 Qf6 22. Rab1 Rc3 23. Kf1 Rdc8 24. Rbc1 Qc6 25. Rxc3 Qxc3 26. Qxc3 Rxc3 27. Ba6 bxa6 28. Rxd4 Rxa3 29. Rd7 Ra4 30. Rxe7 Rxb4 31. e5 a5 32. Rxa7 Rb5 33. f4 g5 34. g3 gxf4 35. gxf4 Rb4 36. f5 Rf4+ 37. Kg2 Rxf5 38. Rxa5 Kf8 39. Kg3 h5 40. Kh4 Ke7 41. Rb5 Ke6 42. Rb6+ Kxe5 43. Rb5+ Kf6 44. Rxf5+ Kxf5 45. Kxh5 Ke5 46. h4 f5 47. Kg6 f4 48. h5 f3 49. h6 f2 50. h7 f1=Q 51. h8=Q+ Ke6 52. Qe8+ 1/2-1/2

[Event "Royal City Masters U2200"]
[Site "Guelph CAN"]
[Date "2025.08.05"]
[Round "7.24"]
[White "Heran-Boily, Samuel"]
[Black "Yin, Zeming"]
[Result "1-0"]
[WhiteElo "2058"]
[BlackElo "1999"]
[WhiteFideId "-1"]
[WhiteFideId "-1"]
[PlyCount "117"]
[GameId "2211089079083096"]
[EventDate "2025.08.01"]
[EventType "swiss"]
[EventRounds "9"]
[EventCountry "CAN"]

1. e4 c5 2. Nf3 Nc6 3. Bb5 g6 4. Bxc6 bxc6 5. d4 Ba6 6. c3 Bg7 7. dxc5 Nf6 8. Qa4 Bb5 9. Qc2 O-O 10. c4 Ba6 11. Qa4 Bc8 12. Nc3 Ng4 13. Bd2 f5 14. Rb1 Bxc3 15. Bxc3 fxe4 16. h3 Nxf2 17. Kxf2 exf3 18. g3 Bb7 19. Rbd1 d6 20. cxd6 exd6 21. c5 Qg5 22. Qc4+ Rf7 23. Rxd6 Re8 24. Re1 Rxe1 25. Bxe1 Qe7 26. Bc3 Qe2+ 27. Qxe2 fxe2+ 28. Kxe2 Re7+ 29. Kf3 Rf7+ 30. Ke4 Rf5 31. Rd8+ Rf8 32. Bf6 Bc8 33. h4 Be6 34. b3 Bf5+ 35. Ke5 Bb1 36. a3 Bc2 37. Kd6 Bxb3 38. Kxc6 Rxd8 39. Bxd8 Kf7 40. Kb7 Ke6 41. Kxa7 Kd7 42. Bg5 Kc6 43. Be3 Bc4 44. Kb8 Bb5 45. Kc8 h5 46. Kd8 Ba4 47. Ke7 Bb3 48. Kf6 Bc2 49. Bf2 Kd5 50. Be3 Ke4 51. Kxg6 Kxe3+ 52. Kxh5 Be4 53. g4 Kf4 54. g5 Kf5 55. Kh6 Ke5 56. h5 Kf5 57. g6 Kf6 58. Kh7 Kg5 59. Kh8 1-0

[Event "Royal City Masters U2200"]
[Site "Guelph CAN"]
[Date "2025.08.05"]
[Round "7.25"]
[White "Colvin, Andrew"]
[Black "Dembla, Shabd"]
[Result "1/2-1/2"]
[WhiteElo "2034"]
[BlackElo "2000"]
[WhiteFideId "-1"]
[WhiteFideId "-1"]
[PlyCount "111"]
[GameId "2211089079083097"]
[EventDate "2025.08.01"]
[EventType "swiss"]
[EventRounds "9"]
[EventCountry "CAN"]

1. e4 c6 2. d4 d5 3. e5 Bf5 4. Nf3 e6 5. Be2 c5 6. c3 Nc6 7. O-O h6 8. Be3 cxd4 9. cxd4 a6 10. Nc3 b5 11. Rc1 Qb6 12. Ne1 Nge7 13. a4 b4 14. Nb1 Bxb1 15. Rxb1 Nf5 16. Nf3 h5 17. Bd3 Nxe3 18. fxe3 Be7 19. Kh1 Rd8 20. Qe2 a5 21. Nd2 g6 22. Nb3 Rc8 23. Qf3 O-O 24. Rbc1 Bg5 25. Qg3 Bh6 26. Nc5 Qa7 27. Nxe6 fxe6 28. Qxg6+ Qg7 29. Qxe6+ Kh8 30. Rxc6 Rxc6 31. Qxc6 Rxf1+ 32. Bxf1 Bxe3 33. Qe8+ Qg8 34. Qxh5+ Qh7 35. Qe8+ Qg8 36. Qh5+ Qh7 37. Qxh7+ Kxh7 38. g4 Bxd4 39. Bg2 Bxe5 40. Bxd5 Bxb2 41. Kg2 Kg6 42. h4 Bf6 43. Kg3 Be5+ 44. Kf3 Bc3 45. Bb3 Be1 46. h5+ Kg5 47. Bd1 Bd2 48. Ke4 Bf4 49. h6 Bd2 50. h7 Bc3 51. Kd5 b3 52. Kc4 b2 53. Bc2 Bf6 54. Kd5 Kxg4 55. Ke6 Bc3 56. Kd5 1/2-1/2

[Event "Royal City Masters U2200"]
[Site "Guelph CAN"]
[Date "2025.08.05"]
[Round "7.26"]
[White "Chertkow, Matthew"]
[Black "Ramesan, Raunak Amit"]
[Result "1-0"]
[WhiteElo "1855"]
[BlackElo "2016"]
[WhiteFideId "-1"]
[WhiteFideId "-1"]
[PlyCount "91"]
[GameId "2211089079083098"]
[EventDate "2025.08.01"]
[EventType "swiss"]
[EventRounds "9"]
[EventCountry "CAN"]

1. e4 c5 2. d4 cxd4 3. c3 dxc3 4. Nxc3 e6 5. Bc4 Nc6 6. Nf3 Bb4 7. Qc2 Nge7 8. Bg5 O-O 9. O-O h6 10. Be3 Ng6 11. Rac1 a6 12. Rfd1 Qc7 13. Qe2 b5 14. Bd3 Nf4 15. Bxf4 Qxf4 16. e5 Bb7 17. h3 Bxc3 18. Rxc3 Nb4 19. Bb1 Nd5 20. Rcd3 Qb4 21. Rd4 Qe7 22. Qe4 g6 23. Qd3 Rfd8 24. Rg4 Qe8 25. Nh4 Ne7 26. Qg3 Kh7 27. Rdd4 Rac8 28. Bd3 Bd5 29. Rdf4 Nf5 30. Nxf5 exf5 31. Bxf5 gxf5 32. Rxf5 Kh8 33. Qf4 Rc6 34. Rf6 Qf8 35. Qd4 Be6 36. Rh4 Qg7 37. Rfxh6+ Kg8 38. Rh8+ Qxh8 39. Rxh8+ Kxh8 40. Qh4+ Kg7 41. Qxd8 Rc1+ 42. Kh2 Rc2 43. Qf6+ Kg8 44. h4 Rxb2 45. h5 Rb4 46. f3 1-0

[Event "Royal City Masters U2200"]
[Site "Guelph CAN"]
[Date "2025.08.05"]
[Round "7.27"]
[White "Lin, Austin"]
[Black "Filipovich, David"]
[Result "1-0"]
[WhiteElo "2128"]
[BlackElo "2020"]
[WhiteFideId "-1"]
[WhiteFideId "-1"]
[PlyCount "99"]
[GameId "2211089079083099"]
[EventDate "2025.08.01"]
[EventType "swiss"]
[EventRounds "9"]
[EventCountry "CAN"]

1. e4 g6 2. d4 Bg7 3. Nc3 d6 4. Be3 a6 5. h4 Nf6 6. Be2 b5 7. Bf3 c6 8. a3 h5 9. Nge2 Bg4 10. Qd2 Bxf3 11. gxf3 Nbd7 12. Rg1 Qc7 13. Bg5 c5 14. Rg3 Rc8 15. dxc5 Qxc5 16. f4 Nh7 17. f5 Nxg5 18. hxg5 a5 19. fxg6 fxg6 20. Nf4 b4 21. axb4 axb4 22. Nd1 Qxc2 23. Qxc2 Rxc2 24. Nxg6 Rg8 25. Ra8+ Kf7 26. Rf3+ Kxg6 27. Rxg8 Ne5 28. Re3 Nc4 29. Rb3 h4 30. f4 Nd2 31. Rh3 Nxe4 32. Re3 Nd2 33. f5+ Kf7 34. Rb8 Bd4 35. g6+ Kg7 36. Rxe7+ Kf6 37. Re2 Nf3+ 38. Kf1 Nh2+ 39. Ke1 Nf3+ 40. Kf1 Nh2+ 41. Rxh2 Rxh2 42. Rxb4 Be5 43. Rg4 Kxf5 44. g7 Bxg7 45. Rxg7 Rh1+ 46. Ke2 h3 47. Rh7 Ke5 48. Nf2 Rb1 49. Nd3+ Kd5 50. Rxh3 1-0

[Event "Royal City Masters U2200"]
[Site "Guelph CAN"]
[Date "2025.08.05"]
[Round "7.28"]
[White "Both, Aaron"]
[Black "Zhan, Jayden"]
[Result "1-0"]
[WhiteElo "2000"]
[BlackElo "2030"]
[WhiteFideId "-1"]
[WhiteFideId "-1"]
[PlyCount "141"]
[GameId "2211089079083100"]
[EventDate "2025.08.01"]
[EventType "swiss"]
[EventRounds "9"]
[EventCountry "CAN"]

1. e4 c5 2. Nc3 Nc6 3. Bb5 Nd4 4. Nf3 a6 5. Bd3 g6 6. Rb1 Bg7 7. b4 cxb4 8. Rxb4 Nc6 9. Rb1 b5 10. O-O d6 11. a4 b4 12. Nd5 a5 13. Bb5 Bd7 14. d4 e6 15. Ne3 Nf6 16. e5 dxe5 17. dxe5 Ne4 18. Qd3 Nc3 19. Qd6 Bf8 20. Qxc6 Bxc6 21. Bxc6+ Ke7 22. Nf5+ exf5 23. Bg5+ Ke6 24. Bxd8 Rxd8 25. Ng5+ Ke7 26. Rbe1 Rd2 27. e6 f6 28. Nf3 Rxc2 29. Bd7 Bh6 30. Nd4 Ra2 31. Nc6+ Kd6 32. Nxa5 Bf4 33. g3 Bh6 34. Ra1 Rc2 35. Rfe1 Kc7 36. Bb5 Nxb5 37. axb5 Re8 38. Rab1 Bf8 39. Nc6 Bc5 40. Nxb4 Bxf2+ 41. Kf1 Bxe1 42. Nxc2 Bc3 43. Ne3 Bd4 44. Rc1+ Kb7 45. Nd5 Rxe6 46. Rc7+ Kb8 47. Rxh7 g5 48. Nb4 Be3 49. Nc6+ Kc8 50. Re7 Rxe7 51. Nxe7+ Kb7 52. Nxf5 Bc5 53. h4 gxh4 54. gxh4 Kb6 55. h5 Bf8 56. Nd4 Bh6 57. Ke2 Kc5 58. Kd3 Kb6 59. Kc4 Bg5 60. Nf5 Bf4 61. h6 Bxh6 62. Nxh6 Kb7 63. Kc5 Kc7 64. Nf5 Kb7 65. Nd6+ Kc7 66. Ne8+ Kb7 67. Nxf6 Kc7 68. b6+ Kb7 69. Kb5 Kb8 70. Kc6 Kc8 71. b7+ 1-0

[Event "Royal City Masters U2200"]
[Site "Guelph CAN"]
[Date "2025.08.05"]
[Round "7.29"]
[White "Achyuth, Akshaj"]
[Black "Nguyen, Minh Thong"]
[Result "1-0"]
[WhiteElo "1971"]
[BlackElo "2147"]
[WhiteFideId "-1"]
[WhiteFideId "-1"]
[PlyCount "98"]
[GameId "2211089079083101"]
[EventDate "2025.08.01"]
[EventType "swiss"]
[EventRounds "9"]
[EventCountry "CAN"]

1. e4 c5 2. Nf3 d6 3. c3 Nf6 4. Bd3 g6 5. Bc2 c4 6. Na3 d5 7. Ba4+ Nc6 8. Ne5 Qd6 9. Nxc6 bxc6 10. exd5 Qxd5 11. Qf3 Bd7 12. Nc2 Qxf3 13. gxf3 c5 14. Bxd7+ Nxd7 15. Ne3 Ne5 16. Ke2 Bh6 17. b3 Bxe3 18. fxe3 O-O-O 19. Ba3 cxb3 20. axb3 Nd3 21. Ra2 e5 22. c4 Rd7 23. Bb2 Rhd8 24. Bc3 Rb7 25. h4 h6 26. Rha1 Rdd7 27. Kd1 Kd8 28. Kc2 Ke7 29. Ra6 Ke8 30. h5 Rb6 31. Rxa7 Rxa7 32. Rxa7 Ne1+ 33. Kb2 Nxf3 34. Rc7 gxh5 35. Rxc5 Re6 36. Ra5 h4 37. Ra1 h3 38. b4 Rg6 39. Rh1 Rg3 40. b5 f6 41. c5 h2 42. b6 Kd7 43. b7 Kc7 44. c6 Rg1 45. Ba5+ Kb8 46. Bb4 Rg8 47. Bd6+ Ka7 48. Bc5+ Ka6 49. Ra1+ Kb5 1-0

[Event "Royal City Masters U2200"]
[Site "Guelph CAN"]
[Date "2025.08.05"]
[Round "7.30"]
[White "Li, Jerry"]
[Black "Varakunan, Cadiron"]
[Result "0-1"]
[WhiteElo "1819"]
[BlackElo "2062"]
[WhiteFideId "-1"]
[WhiteFideId "-1"]
[PlyCount "82"]
[GameId "2211089079083102"]
[EventDate "2025.08.01"]
[EventType "swiss"]
[EventRounds "9"]
[EventCountry "CAN"]

1. e4 c5 2. Nf3 d6 3. d4 cxd4 4. Nxd4 Nf6 5. Nc3 a6 6. Be2 e5 7. Nb3 Be7 8. O-O O-O 9. Kh1 Nc6 10. Be3 Be6 11. f4 d5 12. exd5 Nxd5 13. Bd2 Nxf4 14. Bxf4 exf4 15. Qxd8 Rfxd8 16. Rxf4 Nb4 17. Bd1 Bxb3 18. axb3 Rd7 19. Ne4 Rad8 20. Rf1 f5 21. Ng3 g6 22. Ne2 Rd2 23. Rc1 Bf6 24. Nc3 Bxc3 25. bxc3 Na2 26. Ra1 Nxc3 27. Bf3 R8d7 28. Rfe1 Rxc2 29. Re8+ Kf7 30. Rb8 Ne4 31. Rf1 Kg7 32. Kg1 Nd2 33. Re1 Nxf3+ 34. gxf3 Rc3 35. Kf2 Rxb3 36. Ree8 f4 37. Rg8+ Kh6 38. Kg2 Rd2+ 39. Kh3 Kg5 40. Rxg6+ hxg6 41. Rxb7 Rxf3# 0-1

[Event "Royal City Masters U2200"]
[Site "Guelph CAN"]
[Date "2025.08.05"]
[Round "7.31"]
[White "Lazarev, Shon"]
[Black "Maulucci, Anthony"]
[Result "0-1"]
[WhiteElo "1872"]
[BlackElo "2046"]
[WhiteFideId "-1"]
[WhiteFideId "-1"]
[PlyCount "98"]
[GameId "2211089079083103"]
[EventDate "2025.08.01"]
[EventType "swiss"]
[EventRounds "9"]
[EventCountry "CAN"]

1. d4 d5 2. c4 e6 3. Nf3 Nf6 4. g3 dxc4 5. Bg2 a6 6. O-O Nc6 7. e3 Rb8 8. Qe2 b5 9. b3 cxb3 10. axb3 Bb7 11. Bb2 Be7 12. Rc1 O-O 13. e4 Nb4 14. e5 Nd7 15. Nbd2 c5 16. Ne4 Qb6 17. Rd1 Bd5 18. dxc5 Nxc5 19. Nd4 Nxe4 20. Bxe4 Rfd8 21. Rac1 Qb7 22. Bb1 g6 23. Qe3 Rbc8 24. Rxc8 Qxc8 25. h4 Ba8 26. Rc1 Qb7 27. f3 Qb6 28. Nf5 Qxe3+ 29. Nxe3 Bxf3 30. Ba3 Nc6 31. Bxe7 Nxe7 32. Kf2 Bd5 33. Rc7 Kf8 34. b4 Rc8 35. Nxd5 exd5 36. Rxc8+ Nxc8 37. Ke3 Ne7 38. Kd4 Nc6+ 39. Kxd5 Nxb4+ 40. Kc5 a5 41. Kxb5 Ke7 42. Kxa5 Nd5 43. Ba2 Nc3 44. Bb3 h5 45. Kb4 Ne4 46. Bc2 Nxg3 47. Kc5 Nf5 48. Kc4 Ne3+ 49. Kd3 Nxc2 0-1

[Event "Royal City Masters U2200"]
[Site "Guelph CAN"]
[Date "2025.08.05"]
[Round "7.32"]
[White "Fillmore, Louis"]
[Black "Winfield, Jordan"]
[Result "1-0"]
[WhiteElo "1998"]
[BlackElo "1890"]
[WhiteFideId "-1"]
[WhiteFideId "-1"]
[PlyCount "42"]
[GameId "2211089079083104"]
[EventDate "2025.08.01"]
[EventType "swiss"]
[EventRounds "9"]
[EventCountry "CAN"]

1. e4 c6 2. d4 d5 3. f3 e6 4. Nc3 c5 5. exd5 exd5 6. Bb5+ Nc6 7. Nge2 h6 8. dxc5 Nf6 9. Be3 Bd7 10. Nxd5 Qa5+ 11. Nec3 Nxd5 12. Qxd5 O-O-O 13. O-O-O Be6 14. Qe4 Nb4 15. Rxd8+ Kxd8 16. Rd1+ Kc8 17. Bc4 Bxc5 18. Bxe6+ fxe6 19. Qxe6+ Kb8 20. Qe5+ Bd6 21. Qxa5 Nxa2+ 1-0